000 01036nam a2200277 a 4500
001 54407
003 BD-RjUL
005 20211209080121.0
008 161108s1987 e ||||| |||| 00| 0 eng d
020 _a0813373174
035 _a(BD-RjUL)54529
040 _aBD-RjUL
_beng
_cBD-RjUL
041 _aeng
082 _223
_a338.272820947
_bCHI 1987
100 1 _aChung, Han-ku
_9162886
245 1 0 _aInterest representation in Soviet policymaking :
_ba case study of a West Siberian energy coalition /
_cHan-ku Chung, Foreward by Peter Reddaway
260 _aLondon :
_bWestview Press,
_c1987.
300 _axvii, 182 p. ;
_c20 cm
490 _a Westview special studies on the Soviet Union and Eastern Europe.
504 _aIncludes Bibliographical References and Index
650 _aPetroleum industry and trade
_zSiberia, Western
_9162887
650 _a Government policy
_9162888
700 _aReddaway, Peter
_9162889
830 _a Westview special studies on the Soviet Union and Eastern Europe.
_9128338
942 _2ddc
_cBK
999 _c54407
_d54407